| 000 | 04005nas1a22005651i 4500 | ||
|---|---|---|---|
| 001 | RU\NLR\INFOCOMM33\1000069397 | ||
| 005 | 20240726062117.0 | ||
| 011 | _a0203-2686 | ||
| 035 | _a(NLR Aleph) 002527856 | ||
| 090 |
_a2821978 _c2821978 |
||
| 100 | _a20040421b19691988|||y0rusy50 ca | ||
| 101 | 0 | _arus | |
| 102 | _aRU | ||
| 110 | _aayu||||0|y0 | ||
| 200 | 1 |
_aМатериально-техническое снабжение _eНауч.-техн. реф. сб. _hСерия 1 _iЭкономия и рациональное использование сырьевых, топливно-энергетических и других материальных ресурсов _fЦНИИ информ. и техн.-экон. исслед. по матер.-техн. снабжению (ЦНИИТЭИМС) |
|
| 210 |
_aМ. _d1969-1988 |
||
| 300 | _aВ надзаг. также: Гос. ком. СССР по матер.-техн. снабжению | ||
| 300 | _aЗа 1974 г. изд. хранится в ФГО | ||
| 311 | _aПрекр. на 1988, Вып.6 | ||
| 430 | 0 |
_12001#$aРациональное использование материальных ресурсов и нормирование запасов _tРациональное использование материальных ресурсов и нормирование запасов |
|
| 430 | 0 |
_12001#$aРациональное использование материальных ресурсов _tРациональное использование материальных ресурсов |
|
| 430 | 0 |
_12001#$aМатериально-техническое снабжение$hСерия 5$iРациональное использование материальных ресурсов _tМатериально-техническое снабжение |
|
| 801 | 1 |
_aRU _bInfoComm _c20040421 |
|
| 801 | 0 |
_aRU _bNLR _gPSBO |
|
| 852 |
_aNLR _jП52/184 |
||
| 942 | _cJOURNAL | ||
| 980 | _aRUSPER | ||